El Hombre: Inmanencia y trascendencia

Guardat en:
Dades bibliogràfiques
Autor corporatiu: Universidad de Navarra
Format: Llibre
Idioma:Undetermined
Publicat: Pamplona, España Servicio de Publicaciones de la Universidad de Navarra 1991
Matèries:
Etiquetes: Afegir etiqueta
Sense etiquetes, Sigues el primer a etiquetar aquest registre!

MARC

LEADER 00000nam a2200000Ia 4500
008 170316s9999 xx 000 0 und d
090 |a 100 U-6h v.1 
110 |a Universidad de Navarra 
245 |a El Hombre: Inmanencia y trascendencia 
260 |a Pamplona, España 
260 |b Servicio de Publicaciones de la Universidad de Navarra 
260 |c 1991 
300 |a 791 páginas Vol. 1 
650 |a FILOSOFÍA 
650 |a ACTAS DE LAS XXV REUNIONES FILOSÓFICAS DE LA UNIVERSIDAD DE NAVARRA 
650 |a CONFERENCIAS 
650 |a PONENCIAS 
650 |a COMUNICACIONES 
650 |a CONOCIMIENTO 
650 |a CIENCIA 
650 |a LEY NATURAL 
650 |a DERECHOS HUMANOS 
650 |a ANTROPOLOGÍA CULTURAL Y FILOSÓFICA 
650 |a ACERCAMIENTOS HISTORIOGRÁFICOS 
999 |c 17823  |d 17823 
040 |a cru BVZT 
942 |c 15 D  |h 100 U-6h v.1  |2 z